Wszyscy premierzy San Escobaru - specjalny quiz na 2 lata na JetPunku - Statystyki

Ogólne statystyki
  • Ten quiz został rozwiązany 339 razy
  • Średni wynik to 3 z 6
Statystyki odpowiedzi
Obrazkowy Hint Odpowiedź % Poprawnych
69-420 r. n.e. Shrek
98%
2137 r. p.n.e. - 69 r. n.e. Maryla Rodowicz
91%
1999-2017 r. n.e. Beata Szydło
67%
2017 - obecnie Witold Waszczykowski
37%
491-1999 r. n.e. Adebayo Akinfenwa
23%
420-491 r. n.e. Rick Astley
18%
Nie znaleziono quizów pasujących do podanych kryteriów
Rozkład punktacji
Procent ludzi z każdym wynikiem
Percentyl według liczby udzielonych odpowiedzi
Twoja historia wyników
Nie rozwiązałeś tego quizu